[Event "II - WIDCC Open Tournament"]
[Site "Malente GER"]
[Date "2004.07.26"]
[Round "2.9"]
[White "Burnett R. (SCO)"]
[Black "Johannesen H. (NED)"]
[Result "0-1"]
[WhiteElo "1805"]
[BlackElo "1805"]
[PlyCount "120"]
[EventDate "2004.??.??"]
[EventType "swiss"]
[EventRounds "9"]
[EventCountry "GER"]

1. e4 c5 2. Nf3 Nc6 3. d4 cxd4 4. Nxd4 e6 5. Be3 a6 6. Nd2 Nf6 7. Nxc6 bxc6 8.
Bd3 e5 9. c4 Be7 10. O-O O-O 11. b3 d6 12. h3 c5 13. f4 Bb7 14. fxe5 dxe5 15.
Bc2 Qc7 16. Rf2 Rad8 17. Qf3 Qc6 18. Raf1 Rd6 19. Qg3 Nd7 20. Nf3 Re6 21. h4 a5
22. h5 h6 23. Nh4 Bxh4 24. Qxh4 Nb6 25. Rf5 a4 26. Qg3 axb3 27. axb3 Nd7 28.
Qf2 Rf6 29. Rxf6 Qxf6 30. Qxf6 Nxf6 31. Bxc5 Rc8 32. Bd6 Bxe4 33. Bd1 Bd3 34.
Bxe5 Bxf1 35. Kxf1 Ne4 36. Bc2 Nc5 37. b4 Ne6 38. c5 Nxc5 39. bxc5 Rxc5 40.
Bxg7 Kxg7 41. Bd1 f5 42. Kf2 Kf6 43. Kg3 Kg5 44. Bf3 f4+ 45. Kh3 Rc3 46. Kh2
Kh4 47. Bd1 Re3 48. Bf3 Re1 49. Bd5 Kxh5 50. Bf3+ Kg5 51. Bc6 h5 52. Bf3 Re3
53. Kh3 Re1 54. Kh2 h4 55. Bc6 Re3 56. Bf3 Ra3 57. Kh3 Ra1 58. Kh2 Rf1 59. Bc6
Kg4 60. Bf3+ Rxf3 0-1

[Event "II - WIDCC Open Tournament"]
[Site "Malente GER"]
[Date "2004.07.26"]
[Round "2.9"]
[White "Ghadimi M.R. (IRN)"]
[Black "Capitanio G. (ITA)"]
[Result "1-0"]
[WhiteElo "1805"]
[BlackElo "1805"]
[PlyCount "65"]
[EventDate "2004.??.??"]
[EventType "swiss"]
[EventRounds "9"]
[EventCountry "GER"]

1. e4 e6 2. d4 d5 3. Nd2 Nc6 4. Ngf3 Bb4 5. c3 Ba5 6. Bd3 a6 7. Qe2 Nge7 8. e5
b5 9. a3 Bb6 10. h4 Na7 11. b4 c6 12. a4 Bd7 13. a5 Bc7 14. Nb3 h6 15. Nc5 Bc8
16. Rh3 Rb8 17. h5 Bb7 18. g4 Qc8 19. g5 Nf5 20. Bxf5 exf5 21. Bf4 Bd8 22. e6
Bc7 23. Bxc7 O-O 24. Bxb8 Qxb8 25. gxh6 Qc7 26. hxg7 Re8 27. Ne5 fxe6 28. h6
Kh7 29. Qh5 Qxe5+ 30. dxe5 Re7 31. g8=Q+ Kxg8 32. Qg6+ Kh8 33. Rg3 1-0

[Event "II - WIDCC Open Tournament"]
[Site "Malente GER"]
[Date "2004.07.26"]
[Round "2.9"]
[White "Chilton E. (NED)"]
[Black "Grudina M. (ITA)"]
[Result "0-1"]
[WhiteElo "1805"]
[BlackElo "1805"]
[PlyCount "90"]
[EventDate "2004.??.??"]
[EventType "swiss"]
[EventRounds "9"]
[EventCountry "GER"]

1. e4 e5 2. Nf3 Nc6 3. d4 exd4 4. Nxd4 Bc5 5. Be3 Qf6 6. c3 Nge7 7. Be2 Qg6 8.
Bf3 Ne5 9. Qe2 O-O 10. Nd2 Nxf3+ 11. Qxf3 Nc6 12. N2b3 Ne5 13. Qg3 Qxg3 14.
hxg3 Bb6 15. O-O-O Ng4 16. Rd3 Nxe3 17. Rxe3 c5 18. Nxc5 Bxc5 19. Rh5 Bxd4 20.
cxd4 b6 21. f3 Bb7 22. Kd2 Rac8 23. Rc3 Ba6 24. Rh1 Rc6 25. Rhc1 Rfc8 26. d5
Rxc3 27. bxc3 Bc4 28. a3 Rc5 29. Ke3 Ra5 30. Ra1 f6 31. g4 Kf7 32. Kd4 Ra4 33.
Ke3 Ke7 34. g3 Kd6 35. Kf4 Kc5 36. Ke3 Ra5 37. Kd2 Rb5 38. Rc1 Rb2+ 39. Rc2
Rxc2+ 40. Kxc2 Be2 41. f4 Bxg4 42. Kd3 d6 43. f5 g6 44. fxg6 hxg6 45. a4 Bd1
0-1

[Event "II - WIDCC Open Tournament"]
[Site "Malente GER"]
[Date "2004.07.26"]
[Round "2.9"]
[White "Christie J. (SCO)"]
[Black "Hreinsson A. (ICE)"]
[Result "0-1"]
[WhiteElo "1805"]
[BlackElo "1805"]
[PlyCount "60"]
[EventDate "2004.??.??"]
[EventType "swiss"]
[EventRounds "9"]
[EventCountry "GER"]

1. e4 c5 2. Nf3 d6 3. d4 cxd4 4. Qxd4 Nc6 5. Qd1 Qc7 6. Bc4 Nf6 7. Nc3 a6 8.
Bg5 e6 9. Bxf6 gxf6 10. a3 b5 11. Bd3 Bb7 12. O-O Rg8 13. g3 Be7 14. Ne2 Rd8
15. c3 d5 16. Qc2 dxe4 17. Bxe4 f5 18. Bxf5 Rd5 19. Bh3 h5 20. Bg2 Bf6 21. Rab1
h4 22. Nxh4 Ne5 23. Nf4 Rd4 24. Bxb7 Rxf4 25. Bxa6 Rxh4 26. Bxb5+ Kf8 27. Be2
Qc6 28. Qd2 Rxh2 29. f3 Ng4 30. b4 Rgh8 0-1

[Event "II - WIDCC Open Tournament"]
[Site "Malente GER"]
[Date "2004.07.26"]
[Round "2.9"]
[White "Durdyev Y. (TKM)"]
[Black "Golemovic T. (CRO)"]
[Result "1/2-1/2"]
[WhiteElo "1805"]
[BlackElo "1805"]
[PlyCount "80"]
[EventDate "2004.??.??"]
[EventType "swiss"]
[EventRounds "9"]
[EventCountry "GER"]

1. e4 c6 2. Nf3 d5 3. Nc3 Bg4 4. d4 e6 5. h3 Bh5 6. Be2 Bb4 7. e5 Nd7 8. a3 Be7
9. Nh2 Bxe2 10. Qxe2 Bg5 11. O-O Bxc1 12. Rfxc1 Qg5 13. Qg4 Qxg4 14. Nxg4 Ne7
15. Ne2 Nb6 16. b3 Nf5 17. a4 Rd8 18. c3 a5 19. Ne3 Nxe3 20. fxe3 Ke7 21. Nf4
Nd7 22. Rcb1 f6 23. Nd3 fxe5 24. dxe5 b6 25. Rf1 Rhf8 26. Rxf8 Rxf8 27. Rf1
Rxf1+ 28. Kxf1 Kf7 29. Kf2 Kg6 30. g4 Nc5 31. Nxc5 bxc5 32. Kg3 Kf7 33. Kf4 h6
34. h4 g6 35. Kf3 Ke7 36. Ke2 Kd7 37. Kd2 Kc7 38. Kd3 Kb6 39. h5 g5 40. c4 Kc7
1/2-1/2

[Event "II - WIDCC Open Tournament"]
[Site "Malente GER"]
[Date "2004.07.27"]
[Round "3.9"]
[White "Dunn R. (ENG)"]
[Black "Petrauskas G. (LTU)"]
[Result "1/2-1/2"]
[WhiteElo "1805"]
[BlackElo "1805"]
[PlyCount "54"]
[EventDate "2004.??.??"]
[EventType "swiss"]
[EventRounds "9"]
[EventCountry "GER"]

1. c4 Nf6 2. Nf3 g6 3. g3 Bg7 4. Bg2 O-O 5. O-O c6 6. Nc3 d5 7. cxd5 Nxd5 8.
Qb3 Na6 9. Nxd5 cxd5 10. d4 b6 11. Bf4 Bb7 12. Rac1 e6 13. Ne5 Qe7 14. a3 Rfc8
15. Nf3 h6 16. h4 Nc7 17. Qe3 Kh7 18. Nh2 Ne8 19. Ng4 Nd6 20. Bxd6 Qxd6 21. Qd3
h5 22. Nh2 a5 23. Rfe1 Ba6 24. Qd2 Ra7 25. Rxc8 Bxc8 26. Nf3 Bb7 27. Rc1 Ba6
1/2-1/2

[Event "II - WIDCC Open Tournament"]
[Site "Malente GER"]
[Date "2004.07.27"]
[Round "3.9"]
[White "Michalczuk K. (POL)"]
[Black "Rylov V. (RUS)"]
[Result "0-1"]
[WhiteElo "1805"]
[BlackElo "1805"]
[PlyCount "63"]
[EventDate "2004.??.??"]
[EventType "swiss"]
[EventRounds "9"]
[EventCountry "GER"]

1. d4 d5 2. c4 e6 3. Nc3 Nf6 4. Bg5 Be7 5. Nf3 O-O 6. e3 h6 7. Bxf6 Bxf6 8. Bd3
c5 9. O-O dxc4 10. Bxc4 cxd4 11. exd4 a6 12. a4 Nc6 13. Ne2 Qb6 14. Qb3 Qxb3
15. Bxb3 Rd8 16. Rfd1 Nb4 17. Ng3 b6 18. Ne4 Be7 19. Rac1 Bb7 20. Nc3 Bxf3 21.
gxf3 Bg5 22. Rb1 Bf6 23. Ne2 Ra7 24. Rd2 Rad7 25. Rbd1 Kf8 26. Kg2 Ke7 27. f4
g6 28. Kf3 Bg7 29. Ke3 Bf6 30. Ke4 Bh4 31. Kf3 g5 32. Rg1 {Time} 0-1

[Event "II - WIDCC Open Tournament"]
[Site "Malente GER"]
[Date "2004.07.27"]
[Round "3.9"]
[White "Lukàcsovics L. (HUN)"]
[Black "Pasquotto M. (ITA)"]
[Result "1/2-1/2"]
[WhiteElo "2037"]
[BlackElo "1805"]
[PlyCount "50"]
[EventDate "2004.??.??"]
[EventType "swiss"]
[EventRounds "9"]
[EventCountry "GER"]

1. d4 Nf6 2. Nf3 e6 3. c4 b6 4. Nc3 Bb4 5. a3 Bxc3+ 6. bxc3 O-O 7. Bg5 Bb7 8.
e3 d5 9. Bd3 Nbd7 10. cxd5 exd5 11. Ne5 Qc8 12. Bf5 Qe8 13. Nxd7 Nxd7 14. Qg4
Bc8 15. Bh6 g6 16. Qh4 Qd8 17. Bg5 Qe8 18. Bh6 Qd8 19. Qg3 Re8 20. h4 Qf6 21.
Bd3 c5 22. h5 cxd4 23. hxg6 fxg6 24. cxd4 Nc5 25. Bc2 Ne4 1/2-1/2

[Event "II - WIDCC Open Tournament"]
[Site "Malente GER"]
[Date "2004.07.27"]
[Round "3.9"]
[White "Pietrucha R. (POL)"]
[Black "Michalowski R. (GER)"]
[Result "1/2-1/2"]
[WhiteElo "2103"]
[BlackElo "1921"]
[PlyCount "36"]
[EventDate "2004.??.??"]
[EventType "swiss"]
[EventRounds "9"]
[EventCountry "GER"]

1. c4 e6 2. Nc3 Nf6 3. d4 d5 4. cxd5 exd5 5. Nf3 Be7 6. Bg5 c6 7. e3 Bf5 8. Bd3
Ne4 9. Bxe7 Qxe7 10. Bxe4 dxe4 11. Nd2 Bg6 12. O-O f5 13. Qb3 Bf7 14. Qa4 Nd7
15. Ne2 Nb6 16. Qc2 O-O 17. Qc5 Qxc5 18. dxc5 Nc4 1/2-1/2

[Event "II - WIDCC Open Tournament"]
[Site "Malente GER"]
[Date "2004.07.27"]
[Round "3.9"]
[White "Rossinskaja L. (RUS)"]
[Black "Oborina E. (RUS)"]
[Result "1/2-1/2"]
[WhiteElo "1864"]
[BlackElo "1805"]
[PlyCount "28"]
[EventDate "2004.??.??"]
[EventType "swiss"]
[EventRounds "9"]
[EventCountry "GER"]

1. e4 c5 2. Nf3 d6 3. d4 cxd4 4. Nxd4 Nf6 5. Nc3 Nc6 6. Be2 e6 7. O-O Be7 8.
Be3 O-O 9. Kh1 a6 10. a4 Bd7 11. f4 Qc7 12. Nb3 b6 13. Bf3 Rac8 14. Qe2 Nb4
1/2-1/2

[Event "II - WIDCC Open Tournament"]
[Site "Malente GER"]
[Date "2004.07.27"]
[Round "3.9"]
[White "Johannesen H. (NED)"]
[Black "Hartmann A. (GER)"]
[Result "1/2-1/2"]
[WhiteElo "1805"]
[BlackElo "1805"]
[PlyCount "41"]
[EventDate "2004.??.??"]
[EventType "swiss"]
[EventRounds "9"]
[EventCountry "GER"]

1. c4 c5 2. Nc3 Nc6 3. Nf3 e5 4. e4 g6 5. g3 Bg7 6. Bg2 Nge7 7. a3 O-O 8. O-O
d6 9. d3 h6 10. Be3 Be6 11. Rb1 Rb8 12. Nd2 f5 13. Nb3 f4 14. Bd2 g5 15. g4 Qd7
16. f3 Kf7 17. h3 Rh8 18. Kf2 h5 19. Nd5 Rh7 20. Rh1 Rbh8 21. Qe2 1/2-1/2

[Event "II - WIDCC Open Tournament"]
[Site "Malente GER"]
[Date "2004.07.27"]
[Round "3.9"]
[White "Karmars A. (LAT)"]
[Black "Chilton M. (NED)"]
[Result "0-1"]
[WhiteElo "1805"]
[BlackElo "1805"]
[PlyCount "82"]
[EventDate "2004.??.??"]
[EventType "swiss"]
[EventRounds "9"]
[EventCountry "GER"]

1. d4 d5 2. c4 Nc6 3. Nf3 h6 4. Bf4 Nf6 5. Nc3 e6 6. a3 Bd6 7. Be5 Bxe5 8. Nxe5
Nxe5 9. dxe5 Nd7 10. cxd5 Nxe5 11. dxe6 Bxe6 12. Qxd8+ Rxd8 13. e3 Nd3+ 14.
Bxd3 Rxd3 15. Rd1 Rxd1+ 16. Nxd1 Bc4 17. b4 O-O 18. Nb2 Ba6 19. a4 c6 20. f4
Rd8 21. h4 b6 22. g3 Re8 23. Kd2 Re4 24. b5 cxb5 25. axb5 Bxb5 26. Nd1 Re6 27.
Nc3 Rd6+ 28. Kc2 Rc6 29. Ra1 Rc7 30. Kd2 Bc6 31. Ne2 Be4 32. Nd4 Rd7 33. Ke2
Kh7 34. Ra4 b5 35. Rb4 a6 36. Nb3 Bd3+ 37. Kf2 Bc4 38. Nd4 Rd6 39. Rb1 g6 40.
g4 Rb6 41. Ne2 Bd3 0-1

[Event "II - WIDCC Open Tournament"]
[Site "Malente GER"]
[Date "2004.07.27"]
[Round "3.9"]
[White "Filatov B. (RUS)"]
[Black "Kreuzer C. (ENG)"]
[Result "1-0"]
[WhiteElo "1805"]
[BlackElo "1805"]
[PlyCount "127"]
[EventDate "2004.??.??"]
[EventType "swiss"]
[EventRounds "9"]
[EventCountry "GER"]

1. d4 Nf6 2. c4 e6 3. Nf3 b6 4. g3 Bb7 5. Bg2 c5 6. e3 cxd4 7. exd4 Bb4+ 8. Bd2
Bxd2+ 9. Nbxd2 O-O 10. O-O d6 11. Re1 Nbd7 12. Qc2 Rc8 13. Qa4 a6 14. Qa3 Qc7
15. Rac1 Qb8 16. b4 d5 17. c5 b5 18. Re2 Qc7 19. Nb3 Bc6 20. Qb2 Nb8 21. Ne5
Nfd7 22. Nf3 Nf6 23. Rce1 Bd7 24. Ne5 Nc6 25. Nxc6 Bxc6 26. f3 Nd7 27. Qc2 Rfe8
28. Bh3 Re7 29. Nc1 Rce8 30. Nd3 Nf8 31. f4 f6 32. Re3 Kf7 33. Qe2 g6 34. g4
Bb7 35. Bg2 Bc6 36. h4 h6 37. h5 g5 38. fxg5 hxg5 39. Qf2 Kg7 40. Qg3 Qxg3 41.
Rxg3 Kh6 42. Rge3 Nd7 43. Kf2 e5 44. Nc1 e4 45. Ra3 Nb8 46. Ke3 Bd7 47. Bh3 Bc8
48. Rc3 Nc6 49. a3 Rf8 50. Rc2 Be6 51. Rf2 Ref7 52. Ref1 Ne7 53. Ne2 Bxg4 54.
Bxg4 f5 55. Bh3 f4+ 56. Nxf4 gxf4+ 57. Rxf4 Rxf4 58. Rxf4 Rxf4 59. Kxf4 Nc6 60.
Be6 a5 61. Bxd5 Nxd4 62. bxa5 e3 63. Kxe3 Nc2+ 64. Kd2 1-0

[Event "II - WIDCC Open Tournament"]
[Site "Malente GER"]
[Date "2004.07.27"]
[Round "3.9"]
[White "Dearie J. (SCO)"]
[Black "Chilton E. (NED)"]
[Result "0-1"]
[WhiteElo "1805"]
[BlackElo "1805"]
[PlyCount "120"]
[EventDate "2004.??.??"]
[EventType "swiss"]
[EventRounds "9"]
[EventCountry "GER"]

1. Nc3 e6 2. e3 d5 3. Nf3 Bb4 4. a3 Bxc3 5. bxc3 Nc6 6. Bb5 Bd7 7. Bxc6 Bxc6 8.
a4 Ne7 9. Ne5 Bd7 10. Qf3 f6 11. Nxd7 Qxd7 12. Qh5+ Ng6 13. d3 O-O-O 14. d4 Qc6
15. Bd2 Qc4 16. Qe2 Qxe2+ 17. Kxe2 e5 18. g3 exd4 19. cxd4 Rd6 20. Rhb1 Re8 21.
a5 a6 22. Rb3 Rd7 23. Rab1 c6 24. h3 Ne7 25. g4 f5 26. Bb4 fxg4 27. hxg4 Ng6
28. Rh1 h6 29. Bd2 Nf4+ 30. Kd1 Ne6 31. Ke2 Nxd4+ 32. Kd3 Nxb3 33. cxb3 b5 34.
axb6 Re4 35. Ra1 Kb7 36. f3 Re6 37. Kd4 Kxb6 38. Ba5+ Kb7 39. Rc1 Rde7 40. Re1
Kc8 41. Bd2 g5 42. b4 Kd7 43. Ra1 Kc7 44. Rxa6 c5+ 45. bxc5 Rxa6 46. Bb4 Kc6
47. Kd3 Ra4 48. Bd2 Kxc5 49. Ke2 Ra2 50. Kd3 Ra3+ 51. Ke2 Kc4 52. Bc1 Ra2+ 53.
Bd2 d4 54. e4 Rb7 55. Ke1 Rbb2 56. Bc1 Rh2 57. Bd2 d3 58. Kd1 Rh1+ 59. Be1 d2
60. e5 Rxe1# 0-1

[Event "II - WIDCC Open Tournament"]
[Site "Malente GER"]
[Date "2004.07.27"]
[Round "3.9"]
[White "Picone C. (ITA)"]
[Black "Ghadimi M.R. (IRN)"]
[Result "0-1"]
[WhiteElo "1805"]
[BlackElo "1805"]
[PlyCount "40"]
[EventDate "2004.??.??"]
[EventType "swiss"]
[EventRounds "9"]
[EventCountry "GER"]

1. Nf3 c5 2. e3 Nf6 3. b3 g6 4. Bb2 Bg7 5. c4 O-O 6. g3 Nc6 7. Bg2 d5 8. O-O
dxc4 9. bxc4 Be6 10. d3 Qb6 11. Qb3 Rfd8 12. Qxb6 axb6 13. Rd1 Bxc4 14. Na3
Bxd3 15. Bf1 Nb4 16. Ne1 Bxf1 17. Kxf1 Ng4 18. Bxg7 Rxd1 19. Rxd1 Kxg7 20. h3
Nxe3+ 0-1

[Event "II - WIDCC Open Tournament"]
[Site "Malente GER"]
[Date "2004.07.27"]
[Round "3.9"]
[White "Grudina M. (ITA)"]
[Black "Westerveld G. (NED)"]
[Result "1-0"]
[WhiteElo "1805"]
[BlackElo "1805"]
[PlyCount "51"]
[EventDate "2004.??.??"]
[EventType "swiss"]
[EventRounds "9"]
[EventCountry "GER"]

1. e4 e6 2. d4 d6 3. Nf3 Be7 4. Bd3 Nd7 5. O-O e5 6. Nc3 Bf6 7. Be3 c6 8. Qd2
Ne7 9. Rad1 Ng6 10. Bc4 Be7 11. Ng5 O-O 12. Nxf7 Rxf7 13. Bxf7+ Kxf7 14. f4 Kg8
15. fxe5 dxe5 16. dxe5 Ngxe5 17. Bf4 Qb6+ 18. Kh1 Ng6 19. Na4 Qb5 20. b3 Qh5
21. Bg3 Nde5 22. Bxe5 Qxe5 23. Qd8+ Bf8 24. Rxf8+ Nxf8 25. Rf1 Bh3 26. Rxf8#
1-0

[Event "II - WIDCC Open Tournament"]
[Site "Malente GER"]
[Date "2004.07.27"]
[Round "3.9"]
[White "Hreinsson A. (ICE)"]
[Black "Svec D. (CRO)"]
[Result "0-1"]
[WhiteElo "1805"]
[BlackElo "1805"]
[PlyCount "34"]
[EventDate "2004.??.??"]
[EventType "swiss"]
[EventRounds "9"]
[EventCountry "GER"]

1. e4 e6 2. d4 d5 3. Nc3 Bb4 4. e5 c5 5. a3 Bxc3+ 6. bxc3 Ne7 7. Qg4 Qc7 8.
Qxg7 Rg8 9. Qxh7 cxd4 10. Bb5+ Bd7 11. Bxd7+ Nxd7 12. Rb1 Qxe5+ 13. Kd1 Nf6 14.
Qh3 Ne4 15. f4 Nf2+ 16. Kd2 dxc3+ 17. Qxc3 Ne4+ 0-1

[Event "II - WIDCC Open Tournament"]
[Site "Malente GER"]
[Date "2004.07.27"]
[Round "3.9"]
[White "Golemovic T. (CRO)"]
[Black "Burnett R. (SCO)"]
[Result "0-1"]
[WhiteElo "1805"]
[BlackElo "1805"]
[PlyCount "106"]
[EventDate "2004.??.??"]
[EventType "swiss"]
[EventRounds "9"]
[EventCountry "GER"]

1. d4 e6 2. Nf3 Nf6 3. Bg5 d5 4. c4 Be7 5. Nc3 c6 6. e3 h6 7. Bh4 O-O 8. Bd3
Nbd7 9. O-O Ne8 10. Bxe7 Qxe7 11. Re1 Nef6 12. c5 e5 13. Bf5 e4 14. Nd2 Nh7 15.
Qe2 Qg5 16. Qg4 g6 17. Bxd7 Qxg4 18. Bxg4 Bxg4 19. b4 f5 20. b5 g5 21. f3 Bh5
22. h3 exf3 23. gxf3 Rae8 24. Kf2 Nf6 25. Rab1 Rf7 26. Rb3 Rfe7 27. Ne2 Kf7 28.
bxc6 bxc6 29. Ng3 Bg6 30. Ngf1 h5 31. Rb2 g4 32. h4 f4 33. Rb3 g3+ 34. Kg2 Ng8
35. Nxg3 fxg3 36. Kxg3 Nh6 37. Kf4 Nf5 38. Ra3 Nxh4 39. Rg1 Nf5 40. Nf1 h4 41.
Ra6 Rc7 42. Ra4 Kf6 43. e4 dxe4 44. fxe4 Ng7 45. e5+ Kf7 46. Ne3 Ne6+ 47. Kg4
Rh8 48. Nc4 Bc2 49. Nd6+ Ke7 50. Rc4 Rg8+ 51. Kxh4 Rxg1 52. Rxc2 Kd8 53. Rd2
Rh7# 0-1

[Event "II - WIDCC Open Tournament"]
[Site "Malente GER"]
[Date "2004.07.27"]
[Round "3.9"]
[White "Kaminski L. (POL)"]
[Black "Durdyev Y. (TKM)"]
[Result "0-1"]
[WhiteElo "1907"]
[BlackElo "1805"]
[PlyCount "53"]
[EventDate "2004.??.??"]
[EventType "swiss"]
[EventRounds "9"]
[EventCountry "GER"]

1. c4 e5 2. Nc3 Nf6 3. Nf3 d5 4. d3 Bg4 5. h3 Bh5 6. e3 Nc6 7. Be2 h6 8. Qa4
Qd7 9. Bd2 a6 10. b4 Be7 11. b5 Na7 12. bxa6 Qxa4 13. axb7 Qc6 14. bxa8=Q+ Qxa8
15. O-O O-O 16. Rfb1 Rb8 17. Rxb8+ Qxb8 18. Rb1 Qc8 19. e4 Nc6 20. Be3 g5 21.
Nxd5 Kg7 22. Kf1 g4 23. hxg4 Nxg4 24. Nxe7 Nxe7 25. Bd2 Nc6 26. Bc3 Qe6 27. Bd2
{und 0-1 in 35 Züge} 0-1

[Event "II - WIDCC Open Tournament"]
[Site "Malente GER"]
[Date "2004.07.27"]
[Round "3.9"]
[White "Capitanio G. (ITA)"]
[Black "Christie J. (SCO)"]
[Result "1-0"]
[WhiteElo "1805"]
[BlackElo "1805"]
[PlyCount "109"]
[EventDate "2004.??.??"]
[EventType "swiss"]
[EventRounds "9"]
[EventCountry "GER"]

1. f4 d6 2. Nf3 Nc6 3. e3 a6 4. Nc3 Bg4 5. Be2 e5 6. fxe5 Nxe5 7. O-O Nf6 8. b3
d5 9. d4 Nc6 10. a3 Bd6 11. Na4 Ne7 12. c4 c6 13. c5 Bb8 14. Nb6 Ra7 15. Bd2
Qc7 16. Ne5 Bxe2 17. Qxe2 Ng6 18. Rf5 O-O 19. Be1 Re8 20. Bg3 Nxe5 21. Bxe5 Qd8
22. Bxf6 Qc7 23. Be5 Qd8 24. Bxb8 Qxb8 25. Raf1 f6 26. R1f3 h6 27. Rg3 Re7 28.
Rxf6 Qe8 29. Rxh6 Re6 30. Rh4 Re4 31. Rhh3 a5 32. Rg4 a4 33. b4 Re6 34. Qd3 Re4
35. Rhg3 Qh5 36. Rxg7+ Kf8 37. Rg8+ Ke7 38. Nc8+ Kf7 39. Qf1+ Ke6 40. Nxa7 Qh4
41. Re8+ Kd7 42. Qf7+ Re7 43. Rxe7+ Qxe7 44. Qxe7+ Kxe7 45. b5 cxb5 46. Nxb5
Kd7 47. Nc3 Kc6 48. Rg6+ Kc7 49. Nb5+ Kc8 50. h4 b6 51. c6 Kd8 52. Rg7 Ke8 53.
c7 Kf8 54. Rd7 Ke8 55. c8=Q# 1-0

[Event "II - WIDCC Open Tournament"]
[Site "Malente GER"]
[Date "2004.07.28"]
[Round "4.9"]
[White "Rylov V. (RUS)"]
[Black "Dunn R. (ENG)"]
[Result "0-1"]
[WhiteElo "1805"]
[BlackElo "1805"]
[PlyCount "89"]
[EventDate "2004.??.??"]
[EventType "swiss"]
[EventRounds "9"]
[EventCountry "GER"]

1. e4 g6 2. d4 Bg7 3. f4 d6 4. Nc3 Nf6 5. h3 O-O 6. Nf3 c5 7. Be2 cxd4 8. Nxd4
Nbd7 9. O-O Qb6 10. Be3 Qd8 11. Qd2 a6 12. Rad1 Nc5 13. Bf3 Ncd7 14. Nde2 Qc7
15. g4 Nb6 16. b3 Kh8 17. Kg2 Rb8 18. Bd4 Nfd7 19. Rfe1 Na8 20. Ba7 Nab6 21.
Bxb8 Nxb8 22. Nd5 Qd8 23. c4 Nc6 24. Qe3 Nd7 25. Ndc3 Qa5 26. Rd2 Nc5 27. e5
dxe5 28. Bxc6 exf4 29. Qxe7 bxc6 30. Red1 Ne6 31. Ne4 Qe5 32. Nd6 f3+ 33. Kg1
fxe2 34. Qxf8+ Nxf8 35. Nxf7+ Kg8 36. Nxe5 exd1=Q+ 37. Rxd1 Bxe5 38. Rd8 Bb7
39. Kf2 c5 40. Re8 Bd4+ 41. Ke2 Kf7 42. Rb8 Bg2 43. h4 Nd7 44. Rd8 Ke7 45. Rg8
0-1

[Event "II - WIDCC Open Tournament"]
[Site "Malente GER"]
[Date "2004.07.28"]
[Round "4.9"]
[White "Michalowski R. (GER)"]
[Black "Michalczuk K. (POL)"]
[Result "0-1"]
[WhiteElo "1921"]
[BlackElo "1805"]
[PlyCount "102"]
[EventDate "2004.??.??"]
[EventType "swiss"]
[EventRounds "9"]
[EventCountry "GER"]

1. c4 e6 2. Nc3 Nf6 3. g3 d5 4. d4 c5 5. e3 dxc4 6. Qa4+ Qd7 7. Qxc4 cxd4 8.
exd4 a6 9. Bg2 b5 10. Qd3 Bb7 11. Bxb7 Qxb7 12. Qf3 Nc6 13. Be3 Rd8 14. Nge2
Qd7 15. O-O Nb4 16. Rfd1 Nbd5 17. Rac1 Be7 18. a3 O-O 19. b4 Rc8 20. Ne4 Nxe4
21. Qxe4 Bf6 22. Rc5 Be7 23. Rcc1 Rxc1 24. Bxc1 Rc8 25. Bb2 Bf6 26. Qd3 Rc4 27.
Qd2 Qc7 28. Rc1 h6 29. Rxc4 Qxc4 30. Kg2 Qc6 31. Kg1 Nb6 32. Bc1 Nc4 33. Qc3
Qe4 34. Kf1 Qh1+ 35. Ng1 Qxh2 36. a4 Qh5 37. axb5 axb5 38. f3 Qd5 39. Ne2 h5
40. Kf2 h4 41. Be3 h3 42. Nf4 Qf5 43. g4 Bh4+ 44. Kg1 Qb1+ 45. Qc1 Qxb4 46.
Nxh3 Nxe3 47. Qxe3 Qe1+ 48. Qxe1 Bxe1 49. Nf4 b4 50. Kf1 b3 51. Nd3 Bc3 0-1

[Event "II - WIDCC Open Tournament"]
[Site "Malente GER"]
[Date "2004.07.28"]
[Round "4.9"]
[White "Hartmann A. (GER)"]
[Black "Rossinskaja L. (RUS)"]
[Result "0-1"]
[WhiteElo "1805"]
[BlackElo "1864"]
[PlyCount "80"]
[EventDate "2004.??.??"]
[EventType "swiss"]
[EventRounds "9"]
[EventCountry "GER"]

1. Nf3 Nf6 2. d4 d5 3. e3 g6 4. Be2 Bg7 5. O-O O-O 6. c4 c6 7. Nc3 e6 8. b3
Nbd7 9. Bb2 b6 10. Rc1 Bb7 11. cxd5 exd5 12. Na4 Qe7 13. Rc2 Ne4 14. Qc1 Qe6
15. Rd1 f5 16. Bf1 Rac8 17. b4 g5 18. Nc3 g4 19. Ne1 Ndf6 20. Nd3 Nh5 21. g3
Ng5 22. Bg2 Ne4 23. Ne2 Ba6 24. Nef4 Nxf4 25. Nxf4 Qd7 26. Ne2 Bc4 27. Nc3 Nxc3
28. Bxc3 h5 29. Bf1 b5 30. Ba1 Qe7 31. Qd2 h4 32. Bxc4 bxc4 33. a3 Rcd8 34.
gxh4 Qxh4 35. Kh1 Qe7 36. Rg1 Kf7 37. Rg2 Rh8 38. Kg1 Rh3 39. Rg3 Rxg3+ 40.
hxg3 Qe4 0-1

[Event "II - WIDCC Open Tournament"]
[Site "Malente GER"]
[Date "2004.07.28"]
[Round "4.9"]
[White "Chilton M. (NED)"]
[Black "Johannesen H. (NED)"]
[Result "1-0"]
[WhiteElo "1805"]
[BlackElo "1805"]
[PlyCount "46"]
[EventDate "2004.??.??"]
[EventType "swiss"]
[EventRounds "9"]
[EventCountry "GER"]

1. Nf3 Nf6 2. d4 g6 3. Nc3 Bg7 4. e4 d6 5. Be2 O-O 6. h3 a6 7. Bg5 c6 8. Qd2
Nfd7 9. Bh6 b5 10. a3 Bb7 11. Bxg7 Kxg7 12. h4 Bc8 13. h5 Nf6 14. hxg6 fxg6 15.
Qh6+ Kf7 16. e5 Ng8 17. Qxh7+ Ke8 18. Qxg6+ Kd7 19. exd6 exd6 20. Rh7+ Ne7 21.
Ne4 Kc7 22. Qg5 Re8 23. c4 Bf5 1-0

[Event "II - WIDCC Open Tournament"]
[Site "Malente GER"]
[Date "2004.07.28"]
[Round "4.9"]
[White "Svec D. (CRO)"]
[Black "Filatov B. (RUS)"]
[Result "1/2-1/2"]
[WhiteElo "1805"]
[BlackElo "1805"]
[PlyCount "30"]
[EventDate "2004.??.??"]
[EventType "swiss"]
[EventRounds "9"]
[EventCountry "GER"]

1. Nf3 d6 2. d4 Nf6 3. Bf4 c6 4. c3 Nbd7 5. Nbd2 Nh5 6. Bg3 Nxg3 7. hxg3 g6 8.
e4 Bg7 9. Bd3 e5 10. dxe5 dxe5 11. Qc2 Nc5 12. Be2 Qe7 13. a4 a5 14. O-O O-O
15. Rfe1 Qc7 1/2-1/2

[Event "II - WIDCC Open Tournament"]
[Site "Malente GER"]
[Date "2004.07.28"]
[Round "4.9"]
[White "Ghadimi M.R. (IRN)"]
[Black "Oborina E. (RUS)"]
[Result "1-0"]
[WhiteElo "1805"]
[BlackElo "1805"]
[PlyCount "57"]
[EventDate "2004.??.??"]
[EventType "swiss"]
[EventRounds "9"]
[EventCountry "GER"]

1. e4 c5 2. Nf3 d6 3. d4 cxd4 4. Nxd4 Nf6 5. Nc3 Nc6 6. Bc4 Nxd4 7. Qxd4 Bd7 8.
Bg5 Bc6 9. O-O-O h6 10. Bxf6 gxf6 11. f4 Bg7 12. f5 O-O 13. Rd3 a6 14. Rg3 Kh7
15. e5 fxe5 16. Qg4 Bf6 17. Bxf7 Bg5+ 18. Kb1 Rxf7 19. h4 Bd7 20. hxg5 Rxf5 21.
Qe4 Kg7 22. Qh4 Qh8 23. gxh6+ Kf8 24. Rg7 Re8 25. Nd5 e6 26. Nc7 Rf7 27. Rxf7+
Kxf7 28. Rf1+ Kg6 29. Qg4+ 1-0